| 000 | 00782nam a22001577a 4500 | ||
|---|---|---|---|
| 003 | OSt | ||
| 005 | 20150918155619.0 | ||
| 008 | 150918b xxu||||| |||| 00| 0 eng d | ||
| 040 | _cRUA | ||
| 082 | _aAGR SOK 2005 B032 Or.1 | ||
| 100 |
_9785 _aSOK SEREY RATH |
||
| 245 | _aThe effect of organic fertilizers on chilli pepper (Capsicum annuum)yield on crop research station of the royal university of agriculture,(ឥទ្ធិពលជីសរីរាង្គទៅលើទិន្នផលនៃដំណាំម្ទេសដៃនាងនៅស្ថានីយ៍ពិសោធន៍ដំណាំសាកលវិទ្យាល័យភូមិន្ទកសិកម្ម) | ||
| 260 |
_aphnom penh _bRUA _c2005 |
||
| 300 |
_a50p. _cill. _g29cm. |
||
| 942 |
_2ddc _cAGR |
||
| 999 |
_c753 _d753 |
||